| 000 | 00602nam a2200217Ia 4500 | ||
|---|---|---|---|
| 008 | 101110s9999 xx 000 0 und d | ||
| 041 | _aENGLISH | ||
| 082 | _bSR30931 | ||
| 100 | _aChopade L.N., Choudhari D.H., Mehta K.M. and others | ||
| 245 | _aAdvanced financial accounting MCom-I | ||
| 260 |
_c2008 _bSheth publishers,pvt.Ltd;Mumbai |
||
| 300 | _a762 | ||
| 365 | _b200 | ||
| 520 | _aCommerce | ||
| 546 | _aENGLISH | ||
| 630 | _aAdvanced financial accounting MCom-I | ||
| 650 | _aCommerce | ||
| 655 | _aCommerce | ||
| 730 | _aAdvanced financial accounting MCom-I | ||
| 942 | _cBOOK | ||
| 999 |
_c823434 _d823431 |
||